[Event "1st Evgen Zaveriukha Mem"]
[Site "Lviv UKR"]
[Date "2011.04.01"]
[Round "3.12"]
[White "Bilsky, Mykola (wh)"]
[Black "Kovalsky, Vadim (bl)"]
[Result "0-1"]
[WhiteElo "1692"]
[BlackElo "1994"]
[PlyCount "73"]
[EventDate "2011.??.??"]

1. e4 c5 2. Nf3 Nc6 3. d4 cxd4 4. Nxd4 Nf6 5. Nc3 d6 6. Be2 e5 7. Nf5 Bxf5 8.
exf5 Be7 9. Bg5 O-O 10. O-O Nd4 11. Bxf6 Bxf6 12. Bg4 Rc8 13. Rc1 d5 14. Ne2
Nxe2+ 15. Qxe2 Qc7 16. c3 a6 17. Rfd1 Rfd8 18. g3 Qa5 19. a3 d4 20. Rd3 h6 21.
h4 Rd7 22. c4 Qa4 23. b4 a5 24. Qe1 Rdc7 25. Bd1 Qd7 26. bxa5 Qxf5 27. Rf3 Qe6
28. Bb3 Qc6 29. Rd3 e4 30. Rdd1 Re7 31. Qe2 Qc5 32. Qg4 Rd8 33. a4 d3 34. Qf4
Bd4 35. Kg2 Rd6 36. Rf1 Kh7 37. Rce1 0-1

[Event "17th Th Montenegro Shampionship"]
[Site "?"]
[Date "2011.03.29"]
[Round "?"]
[White "Gudelj, Miljan"]
[Black "Zecevic, Ivan"]
[Result "0-1"]
[WhiteElo "1682"]
[BlackElo "2022"]
[PlyCount "56"]
[EventDate "2011.??.??"]
[SourceTitle "OM OTB B 201907"]
[Source "Opening Master"]
[SourceDate "2019.07.06"]
[SourceVersion "2"]
[SourceVersionDate "2019.07.06"]
[SourceQuality "1"]

1. e4 c5 2. Nf3 Nc6 3. d4 cxd4 4. Nxd4 Nf6 5. Nc3 d6 6. Be2 e5 7. Nb3 Be7 8.
Be3 O-O 9. f3 Be6 10. Nd5 Bxd5 11. exd5 Nb8 12. c4 a5 13. a4 Na6 14. Nd2 Nd7
15. b3 f5 16. f4 exf4 17. Bxf4 Qb6 18. Rb1 Bf6 19. Nf3 Rae8 20. Bg3 Bc3+ 21.
Kf1 Ndc5 22. Bf2 Qd8 23. Be1 Bxe1 24. Nxe1 Ne4 25. Qd4 Nb4 26. Rc1 Qh4 27. Kg1
Qf4 28. Ra1 Ng3 0-1

[Event "EU-ch 12th"]
[Site "Aix les Bains"]
[Date "2011.03.28"]
[Round "7"]
[White "Csiba, Dominik"]
[Black "Osmanodja, Filiz"]
[Result "1-0"]
[WhiteElo "2378"]
[BlackElo "2055"]
[PlyCount "63"]
[EventDate "2011.03.22"]
[EventType "swiss"]
[EventRounds "11"]
[EventCountry "FRA"]
[SourceTitle "OM OTB B 201907"]
[Source "Opening Master"]
[SourceDate "2019.07.06"]
[SourceVersion "2"]
[SourceVersionDate "2019.07.06"]
[SourceQuality "1"]

1. e4 c5 2. Nf3 d6 3. d4 cxd4 4. Nxd4 Nf6 5. Nc3 Nc6 6. Be2 e5 7. Nf3 h6 8. O-O
Be7 9. Re1 O-O 10. h3 Be6 11. Bf1 Rc8 12. Nd5 Bxd5 13. exd5 Nb8 14. c4 a5 15.
a3 Na6 16. Rb1 Nc7 17. Be3 Ra8 18. b4 axb4 19. axb4 b5 20. Qb3 Qb8 21. Nh4 Rd8
22. Nf5 Bf8 23. Red1 bxc4 24. Qxc4 Rc8 25. Qh4 Ncxd5 26. Rb3 Nxe3 27. Rxe3 Ne8
28. Bc4 Qc7 29. Bd5 Rab8 30. Rf3 Rb5 31. Bxf7+ Qxf7 32. Nxh6+ 1-0

[Event "HUN-chT2 Breyer 1011"]
[Site "Hungary"]
[Date "2011.03.27"]
[Round "7.11"]
[White "Major, Balazs"]
[Black "Laza, Szabolcs"]
[Result "1-0"]
[WhiteElo "1692"]
[BlackElo "1766"]
[PlyCount "87"]
[EventDate "2010.09.12"]
[EventType "team-tourn"]
[EventRounds "11"]
[EventCountry "HUN"]
[SourceTitle "OM OTB B 201907"]
[Source "Opening Master"]
[SourceDate "2019.07.06"]
[SourceVersion "2"]
[SourceVersionDate "2019.07.06"]
[SourceQuality "1"]

1. e4 c5 2. Nf3 d6 3. d4 cxd4 4. Nxd4 Nf6 5. Nc3 Nc6 6. Be2 e5 7. Nb3 Be7 8.
O-O O-O 9. Be3 a5 10. a4 Nb4 11. f3 Be6 12. Nb5 d5 13. c3 Nc6 14. exd5 Nxd5 15.
Bf2 b6 16. g3 f5 17. Qc2 Na7 18. Rad1 Nxb5 19. Bxb5 Qc7 20. Rd2 Rad8 21. Re2
Rc8 22. Nd2 Bc5 23. Rfe1 Bd6 24. Qd1 Nf6 25. Qb1 Nd7 26. Qd3 Nc5 27. Bxc5 Bxc5+
28. Kg2 Rfd8 29. Qc2 Bd6 30. Ba6 Ra8 31. Bb5 Rac8 32. Ba6 Rb8 33. Bb5 Rf8 34.
b3 Rbc8 35. Nc4 Bxc4 36. Bxc4+ Kh8 37. Rd1 Rce8 38. Red2 Rf6 39. Re2 Qc5 40.
Qd3 Rd8 41. Qd5 Qxd5 42. Rxd5 Rff8 43. Red2 e4 44. Rxd6 1-0

[Event "FICS rated standard game"]
[Site "FICS freechess.org"]
[Date "2011.03.27"]
[Round "?"]
[White "kingraman"]
[Black "FrenchSexyGirl"]
[Result "0-1"]
[WhiteElo "2001"]
[BlackElo "2220"]
[PlyCount "84"]
[EventDate "2011.??.??"]

1. e4 c5 2. Nf3 d6 3. d4 cxd4 4. Nxd4 Nf6 5. Nc3 Nc6 6. Be2 e5 7. Nb3 Be7 8.
O-O O-O 9. Bf3 a6 10. Be3 Bd7 11. Qd2 Bg4 12. Qe2 Bxf3 13. Qxf3 Qd7 14. h3 Nb4
15. Rac1 Qe6 16. Rfd1 a5 17. Nb5 Rfc8 18. Bd2 Qc4 19. Bxb4 Qxb4 20. a4 Qxa4 21.
Nxd6 Bxd6 22. Rxd6 Qa2 23. Rxf6 gxf6 24. Qxf6 Qxb2 25. Qg5+ Kf8 26. Qh6+ Ke7
27. Rd1 Rc6 28. Qh4+ Ke8 29. Nxa5 Qxc2 30. Rd5 Rc5 31. Nxb7 Rxd5 32. exd5 Qb1+
33. Kh2 Qxb7 34. Qf6 Qxd5 35. Qh8+ Ke7 36. Qxh7 Qd2 37. Qh4+ f6 38. Qh7+ Ke6
39. h4 Qf4+ 40. Kh3 Qxf2 41. Qb7 Ra3+ 42. Kg4 Qf5# 0-1

[Event "UrFO-ch op"]
[Site "Cheliabinsk"]
[Date "2011.03.22"]
[Round "5"]
[White "Novoselov, Roman"]
[Black "Pozin, Sergey"]
[Result "0-1"]
[WhiteElo "2134"]
[BlackElo "2364"]
[PlyCount "95"]
[EventDate "2011.03.19"]
[EventType "swiss"]
[EventRounds "9"]
[EventCountry "RUS"]
[SourceTitle "OM OTB B 201907"]
[Source "Opening Master"]
[SourceDate "2019.07.06"]
[SourceVersion "2"]
[SourceVersionDate "2019.07.06"]
[SourceQuality "1"]

1. e4 c5 2. Nc3 Nc6 3. Nge2 d6 4. d4 cxd4 5. Nxd4 Nf6 6. Be2 e5 7. Nb3 Be7 8.
O-O O-O 9. Bg5 Nxe4 10. Bxe7 Nxc3 11. Bxd8 Nxd1 12. Bc7 Nxb2 13. Bxd6 Rd8 14.
Ba3 Na4 15. Rfe1 Nc3 16. Bd3 f6 17. Nc5 b6 18. Bc4+ Kh8 19. Re3 Nd5 20. Rd3 Nd4
21. Ne4 b5 22. Bxd5 Rxd5 23. Rad1 Bf5 24. f3 Rc8 25. R1d2 a5 26. Kf2 b4 27. Bb2
h5 28. c3 bxc3 29. Rxc3 Rxc3 30. Bxc3 a4 31. Ke3 Be6 32. a3 Nf5+ 33. Kf2 Rb5
34. Rd8+ Kh7 35. Ra8 Bb3 36. Bb4 Rd5 37. Ra7 Kg6 38. Nc5 Rd1 39. Nxa4 Bc4 40.
Be1 Rc1 41. Nc3 Rc2+ 42. Kg1 Ne3 43. Rd7 Nxg2 44. Bf2 Nf4 45. Be1 Nd3 46. Rc7
Nxe1 47. Rxc4 Nxf3+ 48. Kf1 0-1

[Event "EU-ch 12th"]
[Site "Aix les Bains"]
[Date "2011.03.22"]
[Round "1"]
[White "Dusart, Philippe"]
[Black "Lobzhanidze, Davit"]
[Result "0-1"]
[WhiteElo "1799"]
[BlackElo "2489"]
[PlyCount "62"]
[EventDate "2011.03.22"]
[EventType "swiss"]
[EventRounds "11"]
[EventCountry "FRA"]
[SourceTitle "OM OTB B 201907"]
[Source "Opening Master"]
[SourceDate "2019.07.06"]
[SourceVersion "2"]
[SourceVersionDate "2019.07.06"]
[SourceQuality "1"]

1. e4 c5 2. Nf3 Nc6 3. d4 cxd4 4. Nxd4 Nf6 5. Nc3 d6 6. Be2 e5 7. Nb3 Be7 8.
O-O O-O 9. a3 a5 10. Qd3 a4 11. Nd2 Nd4 12. Nf3 Nxe2+ 13. Qxe2 h6 14. Rd1 Qc7
15. Nb5 Qc6 16. Nc3 Be6 17. Re1 Bd8 18. Qb5 Qc8 19. Qd3 Ra6 20. Nh4 Ng4 21. Nf5
Bxf5 22. exf5 Nf6 23. Bd2 Ba5 24. Qh3 Bxc3 25. bxc3 e4 26. g4 d5 27. Re3 Nh7
28. Rg3 Ng5 29. Bxg5 hxg5 30. Qh5 Qd8 31. Re1 Rh6 0-1

[Event "BL2-West 1011"]
[Site "Germany"]
[Date "2011.03.20"]
[Round "8.3"]
[White "Schaefer, Markus"]
[Black "Nijboer, Friso"]
[Result "0-1"]
[WhiteElo "2390"]
[BlackElo "2582"]
[PlyCount "116"]
[EventDate "2010.10.10"]
[EventType "team-tourn"]
[EventRounds "9"]
[EventCountry "GER"]
[SourceTitle "OM OTB B 201907"]
[Source "Opening Master"]
[SourceDate "2019.07.06"]
[SourceVersion "2"]
[SourceVersionDate "2019.07.06"]
[SourceQuality "1"]

1. e4 c5 2. Nf3 Nc6 3. d4 cxd4 4. Nxd4 Nf6 5. Nc3 d6 6. Be2 e5 7. Nb3 Be7 8.
O-O O-O 9. Be3 a5 10. Bf3 Be6 11. Nd5 Bxd5 12. exd5 Nb8 13. a4 Nbd7 14. Nd2 Nb6
15. c4 Nfd7 16. Be2 Bg5 17. Ne4 Bxe3 18. fxe3 Qe7 19. Qb3 f5 20. Ng3 g6 21. c5
dxc5 22. d6+ Qf7 23. Qb5 Qe6 24. Rad1 Rfc8 25. b3 Rc6 26. Qd3 c4 27. bxc4 Nc5
28. Qd2 Nbxa4 29. d7 Rd8 30. Qxa5 Rxd7 31. Rd5 Ra6 32. Qd2 Rad6 33. Rd1 Rxd5
34. cxd5 Qd6 35. Bb5 Rd8 36. Bxa4 Nxa4 37. Ne2 Nb6 38. Nc3 Qc5 39. Qd3 Nc4 40.
Re1 b5 41. Rb1 b4 42. Na4 Qxe3+ 43. Qxe3 Nxe3 44. Nb6 Kf7 45. Rxb4 Nxd5 46.
Nxd5 Rxd5 47. Rb7+ Kg8 48. h4 Rd4 49. g3 Rg4 50. Kf2 f4 51. gxf4 Rxf4+ 52. Kg3
h5 53. Re7 Rg4+ 54. Kf3 Rxh4 55. Rxe5 Kg7 56. Kg3 Ra4 57. Rb5 Kh6 58. Rb3 h4+
0-1

[Event "CRO-chT2 Centar"]
[Site "Croatia"]
[Date "2011.03.20"]
[Round "2.46"]
[White "Kovacic, Damir"]
[Black "Mabic, Goran"]
[Result "0-1"]
[WhiteElo "2060"]
[BlackElo "2091"]
[PlyCount "108"]
[EventDate "2011.03.20"]
[EventType "team-tourn"]
[EventRounds "11"]
[EventCountry "CRO"]
[SourceTitle "OM OTB B 201907"]
[Source "Opening Master"]
[SourceDate "2019.07.06"]
[SourceVersion "2"]
[SourceVersionDate "2019.07.06"]
[SourceQuality "1"]

1. e4 c5 2. Nf3 Nc6 3. d4 cxd4 4. Nxd4 Nf6 5. Nc3 d6 6. Be2 e5 7. Nb3 Be7 8.
O-O O-O 9. Be3 a5 10. Nd2 Be6 11. Bf3 a4 12. Nd5 Bxd5 13. exd5 Nb4 14. c4 Qa5
15. Be2 Nd7 16. a3 Na6 17. f4 exf4 18. Bd4 Bf6 19. Bxf6 Nxf6 20. Rxf4 Qb6+ 21.
Kh1 Qxb2 22. Bd3 Nc5 23. Bc2 Rae8 24. Rb1 Qc3 25. Rh4 h6 26. Rh3 Re3 27. Rxe3
Qxe3 28. Nf1 Qxa3 29. Ra1 Qc3 30. Rc1 Qb4 31. Qf3 Qb2 32. Qd1 Re8 33. Qd2 Nfe4
34. Bxe4 Qxd2 35. Nxd2 Nxe4 36. Nf3 a3 37. Ra1 Ra8 38. Kg1 Kf8 39. Kf1 a2 40.
Ke2 Ra3 41. Kd1 Ra4 42. Kc2 Ke7 43. Kb3 Nc5+ 44. Kc3 f5 45. Nd4 Kf6 46. Nb5 Ke5
47. Re1+ Ne4+ 48. Kb2 Rxc4 49. Kxa2 Kxd5 50. Na3 Rd4 51. Nc2 Rd2 52. Kb3 Ke5
53. Ne3 d5 54. Kb4 f4 0-1

[Event "UrFO-ch op"]
[Site "Cheliabinsk"]
[Date "2011.03.20"]
[Round "2"]
[White "Kolomensky, Vladimir"]
[Black "Pauli, Stanislav"]
[Result "1-0"]
[WhiteElo "2251"]
[BlackElo "2046"]
[PlyCount "79"]
[EventDate "2011.03.19"]
[EventType "swiss"]
[EventRounds "9"]
[EventCountry "RUS"]
[SourceTitle "OM OTB B 201907"]
[Source "Opening Master"]
[SourceDate "2019.07.06"]
[SourceVersion "2"]
[SourceVersionDate "2019.07.06"]
[SourceQuality "1"]

1. e4 c5 2. Nf3 d6 3. d4 cxd4 4. Nxd4 Nf6 5. Nc3 Nc6 6. Be2 e5 7. Nf3 h6 8. O-O
Be7 9. Re1 O-O 10. h3 Be6 11. Bf1 Nb8 12. a4 Nbd7 13. a5 b6 14. a6 Qc7 15. Nd5
Nxd5 16. exd5 Bf5 17. c3 Rae8 18. Bb5 Bg6 19. b4 Bd8 20. c4 Re7 21. Ba3 e4 22.
Nd4 Ne5 23. Nc6 Nxc6 24. Bxc6 f5 25. c5 f4 26. cxd6 Qxd6 27. b5 Qf6 28. d6 Ref7
29. Bd5 Kh7 30. Bxf7 Rxf7 31. f3 e3 32. Re2 Qe6 33. Rc1 Bh4 34. Rc7 Bf2+ 35.
Kf1 Rxc7 36. dxc7 Qc4 37. Qc1 Qd5 38. c8=Q Bf5 39. Qxf5+ Qxf5 40. Qc2 1-0

[Event "SVK-chT1E 1011"]
[Site "Slovakia"]
[Date "2011.03.19"]
[Round "8"]
[White "Kendi, Stefan"]
[Black "Biros, Robert"]
[Result "1-0"]
[WhiteElo "2058"]
[BlackElo "2140"]
[PlyCount "125"]
[EventDate "2010.11.06"]
[EventType "team-tourn"]
[EventRounds "11"]
[EventCountry "SVK"]
[SourceTitle "OM OTB B 201907"]
[Source "Opening Master"]
[SourceDate "2019.07.06"]
[SourceVersion "2"]
[SourceVersionDate "2019.07.06"]
[SourceQuality "1"]

1. e4 c5 2. Nf3 d6 3. d4 cxd4 4. Nxd4 Nf6 5. Nc3 Nc6 6. Be2 e5 7. Nb3 Be7 8.
Be3 Be6 9. f4 exf4 10. Bxf4 O-O 11. Bf3 Ne5 12. Nd4 Nxf3+ 13. gxf3 Nh5 14. Bg3
Bh4 15. Nce2 d5 16. e5 Qg5 17. Qd2 Nxg3 18. Qxg5 Nf5+ 19. Qxh4 Nxh4 20. Nf4
Rae8 21. O-O-O Ng6 22. Nd3 f6 23. Nc5 Bc8 24. exf6 Rxf6 25. Rhe1 Ref8 26. Nce6
Bxe6 27. Nxe6 Re8 28. Nd4 Rxe1 29. Rxe1 Kf7 30. Re3 Nh4 31. Rc3 Kg6 32. Rc7
Nxf3 33. Nxf3 Rxf3 34. Rxb7 Rf1+ 35. Kd2 Rf2+ 36. Kd3 Rxh2 37. Rxa7 h5 38. b4
Rh3+ 39. Kd4 Rh4+ 40. Kc3 Rc4+ 41. Kb3 h4 42. Re7 h3 43. Re1 Kf5 44. a4 g5 45.
a5 g4 46. a6 h2 47. a7 Rc8 48. b5 g3 49. b6 g2 50. b7 Re8 51. b8=Q Rxe1 52.
Qxh2 g1=Q 53. Qxg1 Rxg1 54. a8=Q Rg3+ 55. Kb2 Ke4 56. Qa4+ d4 57. Qe8+ Kd5 58.
Qd7+ Ke4 59. Qe6+ Kf3 60. Qf6+ Ke4 61. Qe6+ Kf3 62. Qd5+ Ke3 63. Qe5+ 1-0

[Event "74th GK tournament"]
[Site "http://gameknot.com/chess.pl?"]
[Date "2011.03.18"]
[Round "?"]
[White "Yulio"]
[Black "Aboveoeuf"]
[Result "0-1"]
[WhiteElo "2014"]
[BlackElo "2304"]
[PlyCount "90"]
[EventDate "2011.??.??"]

1. e4 c5 2. Nf3 Nc6 3. d4 cxd4 4. Nxd4 Nf6 5. Nc3 d6 6. Be2 e5 7. Nb3 Be7 8.
O-O O-O 9. Bg5 Be6 10. Bd3 h6 11. Be3 Nb4 12. a3 Nxd3 13. Qxd3 Qd7 14. f3 Rfd8
15. Rad1 Qc8 16. Qd2 d5 17. exd5 b6 18. Qf2 Nxd5 19. Nxd5 Rxd5 20. Rxd5 Bxd5
21. Nc1 Qf5 22. Nd3 Bf6 23. Qg3 Rc8 24. Nb4 Bb7 25. Qf2 e4 26. fxe4 Qxf2+ 27.
Rxf2 Bxb2 28. Nd5 Bxa3 29. g3 Rc4 30. Nf4 Bxe4 31. Nd3 Bd6 32. Rd2 Bc7 33. Kf2
a5 34. Ke2 b5 35. Kd1 a4 36. Kc1 Ba5 37. Rd1 Bc3 38. Kb1 a3 39. Ka2 Bf6 40. Nc5
Bf5 41. Rd2 b4 42. Nb3 Bxc2 43. Na5 Bd3 44. Rxd3 Rc2+ 45. Kb3 Rb2+ 0-1

[Event "BL 1011 (Women)"]
[Site "Germany"]
[Date "2011.03.13"]
[Round "11.5"]
[White "Sikorska, Agata"]
[Black "Mikliaeva, Darja S"]
[Result "1-0"]
[WhiteElo "2096"]
[BlackElo "2144"]
[PlyCount "73"]
[EventDate "2010.11.06"]
[EventType "team-tourn"]
[EventRounds "11"]
[EventCountry "GER"]
[SourceTitle "OM OTB B 201907"]
[Source "Opening Master"]
[SourceDate "2019.07.06"]
[SourceVersion "2"]
[SourceVersionDate "2019.07.06"]
[SourceQuality "1"]

1. e4 c5 2. Nf3 d6 3. d4 cxd4 4. Nxd4 Nf6 5. Nc3 Nc6 6. Be2 e5 7. Nb3 a5 8. a4
Be7 9. O-O O-O 10. Be3 Be6 11. f4 exf4 12. Rxf4 Nd7 13. Rf2 Nde5 14. Nd5 Bh4
15. g3 Bg5 16. Qd2 Bxe3 17. Qxe3 Nb4 18. Bf3 Bg4 19. Bg2 Nxd5 20. exd5 Re8 21.
Qd4 Rc8 22. Qa7 b6 23. Qa6 Rc4 24. c3 Bc8 25. Qb5 Bd7 26. Qa6 Bc8 27. Qb5 Bd7
28. Qa6 Rxa4 29. Rxa4 Bxa4 30. Nd4 Ng4 31. Re2 Bd1 32. Re4 Nf6 33. Rf4 Qe7 34.
Nf5 Qe1+ 35. Rf1 Qd2 36. Qxb6 Nxd5 37. Bxd5 1-0

[Event "Mittelfranken-chTB2b 1011"]
[Site "Germany"]
[Date "2011.03.13"]
[Round "7.1"]
[White "Simon, Martin"]
[Black "Fink, Martin"]
[Result "1/2-1/2"]
[WhiteElo "1928"]
[BlackElo "1867"]
[PlyCount "31"]
[EventDate "2010.09.26"]
[EventType "team-tourn"]
[EventRounds "9"]
[EventCountry "GER"]
[SourceTitle "OM OTB B 201907"]
[Source "Opening Master"]
[SourceDate "2019.07.06"]
[SourceVersion "2"]
[SourceVersionDate "2019.07.06"]
[SourceQuality "1"]

1. e4 c5 2. Nf3 Nc6 3. d4 cxd4 4. Nxd4 d6 5. Be2 Nf6 6. Nc3 e5 7. Nb3 Be7 8.
Be3 O-O 9. O-O Be6 10. Qd2 Bxb3 11. cxb3 Nxe4 12. Nxe4 d5 13. Ng3 d4 14. Nf5
dxe3 15. Nxe7+ Qxe7 16. Qxe3 1/2-1/2

[Event "Vitrolles"]
[Site "Vitrolles"]
[Date "2011.03.12"]
[Round "7"]
[White "Girard, Jean Pierre"]
[Black "Brest, Jean Francois"]
[Result "0-1"]
[WhiteElo "1894"]
[BlackElo "1920"]
[PlyCount "98"]
[EventDate "2010.10.09"]
[EventType "tourn"]
[EventRounds "9"]
[EventCountry "FRA"]
[SourceTitle "OM OTB B 201907"]
[Source "Opening Master"]
[SourceDate "2019.07.06"]
[SourceVersion "2"]
[SourceVersionDate "2019.07.06"]
[SourceQuality "1"]

1. e4 c5 2. Nf3 Nc6 3. d4 cxd4 4. Nxd4 Nf6 5. Nc3 d6 6. Be2 e5 7. Nb3 h6 8. Be3
Be6 9. Qd2 d5 10. exd5 Nxd5 11. O-O-O Nxe3 12. Qxe3 Qg5 13. Qxg5 hxg5 14. h3
Be7 15. Ne4 Rd8 16. Nec5 Bc8 17. Rxd8+ Kxd8 18. Bb5 Kc7 19. Bxc6 Kxc6 20. Nd3
f6 21. Re1 Bf8 22. Nd2 g4 23. hxg4 Bxg4 24. Nc4 Be6 25. Ne3 Bd6 26. f3 Rh4 27.
Kd2 a5 28. c4 Rd4 29. Rc1 e4 30. fxe4 Rxe4 31. b3 f5 32. Rf1 g6 33. Nc2 b5 34.
cxb5+ Kxb5 35. Kc3 Bd5 36. Rd1 Be7 37. Re1 Bf6+ 38. Kd2 Rh4 39. Ne3 Bg5 40. Kc3
Be4 41. Nc4 Be7 42. a4+ Ka6 43. Re2 Rg4 44. Kd2 Rxg2 45. Rxg2 Bxg2 46. Nde5 g5
47. Ke2 Bd5 48. Ne3 Be6 49. N3c4 Bf6 0-1

[Event "POL-ch U16"]
[Site "Murzasichle"]
[Date "2011.03.10"]
[Round "7"]
[White "Matysiak, Samuel"]
[Black "Oszczanowski, Witold"]
[Result "0-1"]
[WhiteElo "1873"]
[BlackElo "1746"]
[PlyCount "93"]
[EventDate "2011.03.05"]
[EventType "swiss"]
[EventRounds "9"]
[EventCountry "POL"]
[SourceTitle "OM OTB B 201907"]
[Source "Opening Master"]
[SourceDate "2019.07.06"]
[SourceVersion "2"]
[SourceVersionDate "2019.07.06"]
[SourceQuality "1"]

1. e4 c5 2. Nf3 Nc6 3. d4 cxd4 4. Nxd4 Nf6 5. Nc3 d6 6. Be2 e5 7. Nb3 Be7 8.
Bc4 O-O 9. f3 Be6 10. Bd5 a5 11. Be3 a4 12. Nc1 Qa5 13. a3 Rac8 14. O-O Rfd8
15. Kh1 Rd7 16. N1e2 Bf8 17. Bg5 Be7 18. h4 h6 19. Be3 Bf8 20. g4 Bxd5 21. Nxd5
Nxd5 22. exd5 Ne7 23. Nc3 Rxc3 24. bxc3 Nxd5 25. Bd2 Qc5 26. Qe1 Be7 27. g5
hxg5 28. hxg5 g6 29. Qh4 b5 30. Rab1 Rc7 31. Rf2 Bf8 32. Rh2 Bg7 33. Qh3 Kf8
34. Qf1 Nxc3 35. Bxc3 Qxc3 36. Rxb5 Rc8 37. Rb7 Qc6 38. Ra7 e4 39. Qe1 Re8 40.
Re2 Bd4 41. Ra5 e3 42. Qg3 Bc5 43. Qh3 Kg8 44. Kg2 Qd5 45. Rxa4 Qd1 46. Qd7
Qxe2+ 47. Kg3 0-1

[Event "Tournament (open)"]
[Site "Groningen (Netherlands)"]
[Date "2011.03.09"]
[Round "2"]
[White "Kuiper, Adrian"]
[Black "De Wit, Gerard"]
[Result "0-1"]
[WhiteElo "1355"]
[BlackElo "1915"]
[PlyCount "84"]
[EventDate "2011.??.??"]
[EventRounds "7"]
[EventCountry "NED"]
[SourceTitle "OM OTB B 201907"]
[Source "Opening Master"]
[SourceDate "2019.07.06"]
[SourceVersion "2"]
[SourceVersionDate "2019.07.06"]
[SourceQuality "1"]

1. e4 c5 2. Nf3 Nc6 3. d4 cxd4 4. Nxd4 Nf6 5. Nc3 d6 6. Be2 e5 7. Nb3 Be7 8.
O-O O-O 9. Bg5 Nxe4 10. Nxe4 Bxg5 11. Qxd6 Bf5 12. Qxd8 Bxd8 13. Bd3 f6 14.
Nec5 Bxd3 15. Nxd3 Bb6 16. c3 Rfd8 17. Rad1 Na5 18. Nxa5 Bxa5 19. Nc5 Rab8 20.
Rxd8+ Bxd8 21. Rd1 Be7 22. Ne6 Kf7 23. Nc7 Rd8 24. Rxd8 Bxd8 25. Nb5 Bb6 26.
Nd6+ Ke6 27. Nc8 Bc5 28. b4 Kd7 29. bxc5 Kxc8 30. Kf1 Kc7 31. Ke2 Kc6 32. f3
Kd5 33. Ke3 Kxc5 34. h4 f5 35. g4 g6 36. a4 b6 37. Ke2 a6 38. h5 b5 39. a5 fxg4
40. fxg4 gxh5 41. gxh5 e4 42. Kd2 e3+ 0-1

[Event "POL-ch U18"]
[Site "Murzasichle"]
[Date "2011.03.08"]
[Round "5"]
[White "Statucki, Maciej"]
[Black "Mondrzycki, Bartlomiej"]
[Result "0-1"]
[WhiteElo "1836"]
[BlackElo "2044"]
[PlyCount "80"]
[EventDate "2011.03.05"]
[EventType "swiss"]
[EventRounds "9"]
[EventCountry "POL"]
[SourceTitle "OM OTB B 201907"]
[Source "Opening Master"]
[SourceDate "2019.07.06"]
[SourceVersion "2"]
[SourceVersionDate "2019.07.06"]
[SourceQuality "1"]

1. e4 c5 2. Nf3 Nc6 3. d4 cxd4 4. Nxd4 Nf6 5. Nc3 d6 6. Be2 e5 7. Nb3 Be7 8.
O-O O-O 9. f4 exf4 10. Bxf4 Be6 11. Bf3 Ne5 12. Nd5 Nxd5 13. exd5 Bf5 14. Rc1
Bf6 15. Nd4 Bg6 16. b3 Qa5 17. Bxe5 Bxe5 18. Kh1 Rac8 19. c4 Qxa2 20. Bg4 Rce8
21. Nf5 Qa5 22. Qd3 Qc5 23. Rce1 a5 24. h4 Bxf5 25. Bxf5 g6 26. Bg4 Qd4 27.
Qxd4 Bxd4 28. Bd7 Re5 29. Rxe5 Bxe5 30. g4 Kg7 31. Kg2 b6 32. h5 gxh5 33. gxh5
Kh6 34. Rf5 Rg8+ 35. Kh3 f6 36. Kh4 Rg1 37. Be8 Rd1 38. Rf3 Rd4+ 39. Kh3 Kg5
40. Bf7 Rd2 0-1

[Event "POL-ch U16 Girls"]
[Site "Murzasichle"]
[Date "2011.03.08"]
[Round "5"]
[White "Tracz, Marcelina"]
[Black "Dziodzio, Angelika"]
[Result "0-1"]
[WhiteElo "1690"]
[BlackElo "1906"]
[PlyCount "92"]
[EventDate "2011.03.05"]
[EventType "swiss"]
[EventRounds "9"]
[EventCountry "POL"]
[SourceTitle "OM OTB B 201907"]
[Source "Opening Master"]
[SourceDate "2019.07.06"]
[SourceVersion "2"]
[SourceVersionDate "2019.07.06"]
[SourceQuality "1"]

1. e4 c5 2. Nf3 d6 3. d4 cxd4 4. Nxd4 Nf6 5. Nc3 Nc6 6. Be2 e5 7. Nb3 Be7 8.
O-O O-O 9. f4 a5 10. a4 Nb4 11. Be3 Be6 12. f5 Bd7 13. Rf2 Bc6 14. Bf3 Rc8 15.
g4 d5 16. exd5 Nfxd5 17. Nxd5 Bxd5 18. c3 Bxf3 19. Qxf3 Qd5 20. Qxd5 Nxd5 21.
Re2 Rc4 22. h3 b6 23. Nd2 Rc6 24. Bf2 Nf4 25. Rxe5 Nxh3+ 26. Kg2 Bd6 27. Rb5
Nxf2 28. Kxf2 Bc5+ 29. Kf3 Rd8 30. Nb3 Rd3+ 31. Kg2 Bf8 32. Re1 g6 33. Nd4 Rd6
34. Re8 h5 35. fxg6 Rxg6 36. Rxh5 Rxg4+ 37. Kf2 Kg7 38. Rhe5 Bc5 39. Ke2 Rh3
40. Re3 Rg2+ 41. Kd3 Rxe3+ 42. Rxe3 Rxb2 43. Re4 Rg2 44. Nf5+ Kf6 45. Nh4 Rg3+
46. Kc4 Kg5 0-1

[Event "2.liga D 2010/2011"]
[Site "Kosice"]
[Date "2011.03.06"]
[Round "9.5"]
[White "Marek, Stanislav"]
[Black "Molnar, Peter"]
[Result "1/2-1/2"]
[WhiteElo "2219"]
[BlackElo "2294"]
[PlyCount "114"]
[EventDate "2010.10.23"]
[EventRounds "9"]
[EventCountry "SVK"]
[SourceTitle "OM OTB B 201907"]
[Source "Opening Master"]
[SourceDate "2019.07.06"]
[SourceVersion "2"]
[SourceVersionDate "2019.07.06"]
[SourceQuality "1"]

1. e4 c5 2. Nf3 d6 3. d4 cxd4 4. Nxd4 Nf6 5. Nc3 Nc6 6. Be2 e5 7. Nf3 h6 8. O-O
Be7 9. Re1 O-O 10. Bf1 a6 11. a4 Nb4 12. h3 Be6 13. Be3 a5 14. Bd2 Rc8 15. Rc1
Nd7 16. Nb5 Nc5 17. b3 Qb6 18. Be3 Nba6 19. Nd2 Qd8 20. Bc4 Rc6 21. Bd5 Bxd5
22. exd5 Rc8 23. Nc4 f5 24. f4 e4 25. Bd2 Nb4 26. Bxb4 axb4 27. Qd2 Nxa4 28.
Qxb4 Nc5 29. Nd4 Kh7 30. Ne3 g6 31. Qd2 Bf6 32. b4 Bxd4 33. Qxd4 Nd7 34. c4 b6
35. Ra1 Ra8 36. Rxa8 Qxa8 37. Ra1 Qb7 38. Ra4 Ra8 39. Qa1 Rxa4 40. Qxa4 Nb8 41.
Qe8 Qa7 42. Qc8 Na6 43. b5 Nc5 44. Kh2 Qa3 45. Qc7+ Kh8 46. Qd8+ Kg7 47. Qe7+
Kh8 48. Nf1 Qc1 49. Qe8+ Kg7 50. Qe7+ Kh8 51. Qf8+ Kh7 52. Qf7+ Kh8 53. Ng3
Qxf4 54. Qxg6 e3 55. Qe8+ Kh7 56. Qf7+ Kh8 57. Qf8+ Kh7 1/2-1/2

[Event "ACT ch"]
[Site "Canberra"]
[Date "2011.03.06"]
[Round "4.2"]
[White "Abrahams, Daniel"]
[Black "Bliznyuk, Andrey"]
[Result "1/2-1/2"]
[WhiteElo "2170"]
[BlackElo "2070"]
[PlyCount "119"]
[EventDate "2011.03.05"]
[EventCountry "AUS"]

1. e4 c5 2. Nf3 d6 3. d4 cxd4 4. Nxd4 Nf6 5. Nc3 Nc6 6. Be2 e5 7. Nb3 Be7 8.
O-O O-O 9. Bg5 Nxe4 10. Nxe4 Bxg5 11. Nxd6 Qc7 12. Nxc8 Raxc8 13. c3 Rfd8 14.
Qb1 a5 15. Qf5 Bh6 16. Qe4 g6 17. Rad1 Ne7 18. Qh4 Nf5 19. Qa4 b6 20. Bg4 Rxd1
21. Rxd1 Rd8 22. Rxd8+ Qxd8 23. g3 Qd5 24. Bxf5 gxf5 25. Qh4 Kg7 26. h3 Qe4 27.
Qxe4 fxe4 28. Kf1 a4 29. Na1 Bc1 30. b3 Bb2 31. Nc2 axb3 32. axb3 Bxc3 33. Ke2
Bd4 34. g4 Kg6 35. f3 exf3+ 36. Kxf3 Kg5 37. Kg3 Bc5 38. b4 Bd6 39. h4+ Kf6 40.
Kf3 Ke6 41. Ke4 Bc7 42. h5 Bd8 43. b5 Be7 44. Ne1 Kd6 45. Nd3 f6 46. h6 Ke6 47.
Nb2 Kd6 48. Nd3 Bf8 49. g5 fxg5 50. Nxe5 Bxh6 51. Nf7+ Kc5 52. Nxh6 Kxb5 53.
Kf5 Kc5 54. Kxg5 b5 55. Ng4 Kd4 56. Kf4 b4 57. Ne3 Kd3 58. Nd1 Kc2 59. Ne3+ Kb3
60. Nd5 1/2-1/2